|
|
|
|
| LEADER |
01433nam a2200361Ia 4500 |
| 001 |
EBC3014427 |
| 003 |
MiAaPQ |
| 005 |
20200520144314.0 |
| 006 |
m o d | |
| 007 |
cr cn||||||||| |
| 008 |
070314s2006 dcua sb i000 0 eng d |
| 035 |
|
|
|a (MiAaPQ)EBC3014427
|
| 035 |
|
|
|a (Au-PeEL)EBL3014427
|
| 035 |
|
|
|a (CaPaEBR)ebr10380804
|
| 035 |
|
|
|a (CaONFJC)MIL382791
|
| 035 |
|
|
|a (OCoLC)694141075
|
| 040 |
|
|
|a MiAaPQ
|c MiAaPQ
|d MiAaPQ
|
| 050 |
|
4 |
|a HD77.5.I4
|b P87 2006
|
| 100 |
1 |
|
|a Purfield, Catriona.
|
| 245 |
1 |
0 |
|a Mind the gap
|h [electronic resource] :
|b is economic growth in India leaving some states behind? /
|c Catriona Purfield.
|
| 260 |
|
|
|a [Washington, D.C.] :
|b International Monetary Fund, Asia and Pacific Dept.,
|c 2006.
|
| 300 |
|
|
|a xx p. :
|b ill.
|
| 490 |
1 |
|
|a IMF working paper ;
|v WP/06/103
|
| 500 |
|
|
|a "April 2006".
|
| 504 |
|
|
|a Includes bibliographical references.
|
| 533 |
|
|
|a Electronic reproduction. Ann Arbor, MI : ProQuest, 2015. Available via World Wide Web. Access may be limited to ProQuest affiliated libraries.
|
| 650 |
|
0 |
|a Economic development
|x Econometric models.
|
| 651 |
|
0 |
|a India
|x Economic policy.
|
| 655 |
|
4 |
|a Electronic books.
|
| 710 |
2 |
|
|a International Monetary Fund.
|b Asia and Pacific Dept.
|
| 710 |
2 |
|
|a ProQuest (Firm)
|
| 830 |
|
0 |
|a IMF working paper ;
|v WP/06/103.
|
| 856 |
4 |
0 |
|u https://ebookcentral.proquest.com/lib/matrademy/detail.action?docID=3014427
|z Click to View
|